| 000 | 00402nam a22001817a 4500 | ||
|---|---|---|---|
| 003 | OSt | ||
| 005 | 20120302151801.0 | ||
| 008 | 091201t xxu||||| |||| 00| 0 eng d | ||
| 035 | _a17331 | ||
| 040 | _cENGLISH | ||
| 100 |
_aJOSHI, M. N. _910705 |
||
| 222 | _aANIMAL | ||
| 245 | _aANIMALS OUR FRIEND | ||
| 250 | _a1 ST | ||
| 260 |
_aPUNE _bSHABDALI _c2004 |
||
| 300 | _b16 P. | ||
| 942 |
_2ddc _cBOOK |
||
| 999 |
_c495385 _d495382 |
||